A biology of the algae / (Record no. 3866)

MARC details
000 -LEADER
fixed length control field 01067pam a2200301 a 4500
001 - CONTROL NUMBER
control field 2596805
003 - CONTROL NUMBER IDENTIFIER
control field OSt
005 - DATE AND TIME OF LATEST TRANSACTION
control field 20160505134830.0
008 - FIXED-LENGTH DATA ELEMENTS--GENERAL INFORMATION
fixed length control field 970319s1998 maua b 001 0 eng
010 ## - LIBRARY OF CONGRESS CONTROL NUMBER
LC control number 97010511
020 ## - INTERNATIONAL STANDARD BOOK NUMBER
International Standard Book Number 0697219100
040 ## - CATALOGING SOURCE
Original cataloging agency DLC
Transcribing agency DLC
Modifying agency DLC
050 00 - LIBRARY OF CONGRESS CALL NUMBER
Classification number QK566
Item number .S97 1998
082 00 - DEWEY DECIMAL CLASSIFICATION NUMBER
Classification number 579.8
Edition number 21
Item number SZE 1998
100 1# - MAIN ENTRY--PERSONAL NAME
Personal name Sze, Philip,
9 (RLIN) 8475
245 12 - TITLE STATEMENT
Title A biology of the algae /
Statement of responsibility, etc. Philip Sze.
250 ## - EDITION STATEMENT
Edition statement 3rd ed.
260 ## - PUBLICATION, DISTRIBUTION, ETC. (IMPRINT)
Place of publication, distribution, etc. Boston, Mass. :
Name of publisher, distributor, etc. McGraw-Hill,
Date of publication, distribution, etc. 1998.
300 ## - PHYSICAL DESCRIPTION
Extent viii, 278 p. :
Other physical details col.illl ;
Dimensions 26 cm.
504 ## - BIBLIOGRAPHY, ETC. NOTE
Bibliography, etc Includes bibliographical references (p. 261-270) and index.
650 #0 - SUBJECT ADDED ENTRY--TOPICAL TERM
Topical term or geographic name as entry element Algae.
9 (RLIN) 8476
650 #0 - SUBJECT ADDED ENTRY--TOPICAL TERM
Topical term or geographic name as entry element Algology.
9 (RLIN) 8477
856 42 - ELECTRONIC LOCATION AND ACCESS
Materials specified Publisher description
Uniform Resource Identifier http://www.loc.gov/catdir/description/mh022/97010511.html
856 41 - ELECTRONIC LOCATION AND ACCESS
Materials specified Table of contents
Uniform Resource Identifier http://www.loc.gov/catdir/toc/mh023/97010511.html
906 ## - LOCAL DATA ELEMENT F, LDF (RLIN)
a 7
b cbc
c orignew
d 1
e ocip
f 19
g y-gencatlg
942 ## - ADDED ENTRY ELEMENTS (KOHA)
Source of classification or shelving scheme Dewey Decimal Classification
Koha item type Short Loan
Holdings
Withdrawn status Lost status Source of classification or shelving scheme Damaged status Not for loan Home library Current library Date acquired Inventory number Total Checkouts Full call number Barcode Date last seen Price effective from Koha item type
    Dewey Decimal Classification     MUST Main Library MUST Main Library 05/05/2016 20000/14630   579.8 SZE 1998 2016-1568 05/05/2016 05/05/2016 Short Loan